Top 10 Scorers of the Premier League - 2010s - Statistics

General Stats
  • This quiz has been taken 190 times
  • The average score is 77 of 115
Answer Stats
Hint Answer % Correct
2011/12 23 Manchester City Sergio Aguero
98%
2013/14 17 Manchester City Sergio Aguero
98%
2014/15 26 Manchester City Sergio Aguero
98%
2015/16 24 Manchester City Sergio Aguero
98%
2016/17 20 Manchester City Sergio Aguero
98%
2017/18 21 Manchester City Sergio Aguero
98%
2018/19 21 Manchester City Sergio Aguero
98%
2014/15 21 Tottenham Hotspur Harry Kane
97%
2015/16 25 Tottenham Hotspur Harry Kane
97%
2016/17 29 Tottenham Hotspur Harry Kane
97%
2017/18 30 Tottenham Hotspur Harry Kane
97%
2018/19 17 Tottenham Hotspur Harry Kane
97%
2009/10 29 Chelsea Didier Drogba
94%
2009/10 26 Manchester United Wayne Rooney
93%
2011/12 27 Manchester United Wayne Rooney
93%
2013/14 17 Manchester United Wayne Rooney
93%
2014/15 12 Manchester United Wayne Rooney
93%
2017/18 32 Liverpool Mohamed Salah
92%
2018/19 22 Liverpool Mohamed Salah
92%
2015/16 24 Leicester City Jamie Vardy
90%
2017/18 20 Leicester City Jamie Vardy
90%
2018/19 18 Leicester City Jamie Vardy
90%
2018/19 22 Liverpool Sadio Mane
90%
2012/13 23 Liverpool Luis Suarez
85%
2013/14 31 Liverpool Luis Suarez
85%
2010/11 18 Arsenal Robin van Persie
85%
2011/12 30 Arsenal Robin van Persie
85%
2012/13 26 Manchester United Robin van Persie
85%
2012/13 17 West Bromwich Albion Romelu Lukaku
85%
2013/14 15 Everton Romelu Lukaku
85%
2015/16 18 Everton Romelu Lukaku
85%
2016/17 25 Everton Romelu Lukaku
85%
2017/18 16 Manchester United Romelu Lukaku
85%
2018/19 22 Arsenal Pierre-Emerick Aubameyang
84%
2017/18 12 Tottenham Hotspur Son Heung-min
84%
2009/10 22 Chelsea Frank Lampard
83%
2012/13 15 Chelsea Frank Lampard
83%
2017/18 15 Liverpool Roberto Firmino
83%
2017/18 18 Manchester City Raheem Sterling
82%
2018/19 17 Manchester City Raheem Sterling
82%
2015/16 17 Leicester City Riyad Mahrez
81%
2017/18 12 Leicester City Riyad Mahrez
81%
2017/18 14 Arsenal Alexandre Lacazette
78%
2018/19 13 Arsenal Alexandre Lacazette
78%
2014/15 20 Chelsea Diego Costa
78%
2016/17 20 Chelsea Diego Costa
78%
2014/15 14 Chelsea Eden Hazard
78%
2016/17 16 Chelsea Eden Hazard
78%
2017/18 12 Chelsea Eden Hazard
78%
2018/19 16 Chelsea Eden Hazard
78%
2011/12 16 Newcastle United Demba Ba
77%
2012/13 15 Chelsea / Newcastle United Demba Ba
77%
2009/10 18 Liverpool Fernando Torres
76%
2009/10 23 Manchester City Carlos Tevez
75%
2010/11 20 Manchester City Carlos Tevez
75%
2011/12 14 Manchester City Edin Dzeko
74%
2013/14 16 Manchester City Edin Dzeko
74%
2010/11 20 Manchester United Dimitar Berbatov
73%
2012/13 15 Fulham Dimitar Berbatov
73%
2013/14 21 Liverpool Daniel Sturridge
71%
2009/10 18 Tottenham Hotspur Jermain Defoe
71%
2015/16 15 Sunderland Jermain Defoe
71%
2016/17 15 Sunderland Jermain Defoe
71%
2013/14 16 Arsenal Olivier Giroud
71%
2014/15 14 Arsenal Olivier Giroud
71%
2015/16 16 Arsenal Olivier Giroud
71%
2014/15 16 Arsenal Alexis Sanchez
69%
2015/16 13 Arsenal Alexis Sanchez
69%
2016/17 24 Arsenal Alexis Sanchez
69%
2013/14 20 Manchester City Yaya Toure
66%
2009/10 24 Sunderland Darren Bent
64%
2010/11 17 Sunderland / Aston Villa Darren Bent
64%
2014/15 12 Manchester City David Silva
64%
2016/17 17 Manchester United Zlatan Ibrahimovic
63%
2012/13 21 Tottenham Hotspur Gareth Bale
62%
2018/19 13 Wolverhampton Wanderers Raul Jimenez
62%
2017/18 13 Manchester City Gabriel Jesus
57%
2012/13 19 Aston Villa Christian Benteke
55%
2014/15 13 Aston Villa Christian Benteke
55%
2016/17 15 Crystal Palace Christian Benteke
55%
2015/16 13 Watford Troy Deeney
54%
2010/11 13 Newcastle United/Liverpool Andy Carroll
53%
2016/17 18 Tottenham Hotspur Dele Alli
52%
2012/13 18 Swansea City Michu
52%
2018/19 13 Everton Richarlison
52%
2018/19 14 Bournemouth Callum Wilson
49%
2011/12 13 Manchester City Mario Balotelli
48%
2018/19 13 Manchester United Paul Pogba
45%
2016/17 16 Bournemouth Joshua King
44%
2009/10 14 Manchester City Emmanuel Adebayor
43%
2011/12 17 Tottenham Hotspur Emmanuel Adebayor
43%
2018/19 13 Everton Gylfi Sigurdsson
41%
2011/12 13 Newcastle United Papiss Cisse
41%
2013/14 17 Swansea City Wilfried Bony
41%
2010/11 13 Liverpool Dirk Kuyt
38%
2009/10 13 Aston Villa Gabriel Agbonlahor
38%
2009/10 15 Arsenal Cesc Fabregas
36%
2017/18 12 Brighton & Hove Albion Glenn Murray
35%
2018/19 13 Brighton & Hove Albion Glenn Murray
35%
2014/15 18 Queens Park Rangers Charlie Austin
31%
2011/12 17 Fulham Clint Dempsey
31%
2010/11 13 Manchester United Javier Hernandez
31%
2012/13 15 Southampton Rickie Lambert
31%
2010/11 13 Chelsea Florent Malouda
30%
2014/15 12 Southampton Graziano Pelle
29%
2009/10 13 Everton Louis Saha
29%
2010/11 13 Tottenham Hotspur Rafael van der Vaart
27%
2015/16 15 Watford Odion Ighalo
22%
2016/17 15 Swansea City Fernando Llorente
20%
2014/15 14 West Bromwich Albion Saido Berahino
20%
2011/12 17 Blackburn Rovers Yakubu
20%
2013/14 15 Southampton Jay Rodriguez
18%
2010/11 13 Blackpool DJ Campbell
17%
2010/11 15 West Bromwich Albion Peter Odemwingie
15%
2011/12 15 Norwich City Grant Holt
10%
No matching quizzes found
Score Distribution
Percent of People with Each Score
Percentile by Number Answered
Your Score History
You have not taken this quiz